000 00709nam a22002650a 4500
001 PT3003
003 AR-LpoUNG
005 20210131231001.0
008 191001s1998||||sp |||||||||||||||||spa d
020 _a8423994163
_c$27.50
040 _aAR-LpoUNG
_bspa
_cAR-LpoUNG
_eaacr
041 _aspa
044 _asp
082 0 _aR403 545v2
245 1 0 _aDiccionario de la lengua española
250 _a21ra. ed.
260 _aMadrid :
_bEspasa Calpe,
_c1998.
300 _a2133 p. :
_bil.
_a(2
_fVolúmenes)
650 4 _aMATERIAL DE REFERENCIA
650 4 _aTERMINOLOGIA
651 4 _aDOCUMENTOS TEORICOS O METODOLOGICOS
710 2 _aAcademia Española (Madrid)
905 _a3003
942 _cLSALA
999 _c7318
_d7318